Visualizzazione normale
Vista MARC
- Horner James
di Personal Name
Records bibliografici associati: 1
001 - CONTROL NUMBER
- control field: 30409
003 - CONTROL NUMBER IDENTIFIER
- control field: IT-RoPau
005 - DATE AND TIME OF LATEST TRANSACTION
- control field: 20140618105343.0
008 - FIXED-LENGTH DATA ELEMENTS
- fixed length control field: 140618|| aca||aabn | a|a d
040 ## - CATALOGING SOURCE
- Original cataloging agency: IT-RoPau
- Transcribing agency: IT-RoPau
100 ## - HEADING--PERSONAL NAME
- Personal name: Horner James
- Miscellaneous information: Codice interprete SPICS: 13090
- Relator term: Interprete
670 ## - SOURCE DATA FOUND
- Source citation: Work cat.: (IT-RoPau)100576: Horner James 17463, Clear and Present Danger